000 01505nam a2200349 i 4500
001 000008749
003 DO-SdBNP
005 20250218110011.0
007 ta
008 090907s19801985dr a 000 0 spa d
040 _aDO-SdBNP
_bspa
_cBNPHU
_erda
082 4 _a303.34
_bG124L
_222
100 _aGadea, Jorge A.,
_921355
_eautor
245 1 4 _aLos líderes se hacen no nacen :
_bmanual práctico de entrenamiento de líderes /
_cJorge A. Gadea.
250 _aPrimera edición
264 _aSanto Domingo :
_bConsejo Nacional de Hombres de Empresa,
_c1980-1985.
300 _avolumen :
_bilustraciones ;
_c21 cm.
336 _2rdacontent
_atexto
_btxt
337 _2rdamedia
_asin mediación
_bn
338 _2rdacarrier
_avolumen
_bnc
500 _aIncluye datos biográficos del autor en la contracubierta
500 _aVolúmenes 3, 5, 6 publicado por el Instituto de Entrenamiento de Lideres
500 _aLa biblioteca posee los volumenes 1, 2, 3, 4, 5 y 6
505 0 _av.1 --
_t Liderismo en acción--
_gv.2 --
_t Liderato por objetivos--
_gv. 3 --
_tInteracción del grupo--
_gv. 4 --
_tEl grupo y la comunidad--
_gv. 5 --
_tOrganización y procedimientos--
_gv. 6 --
_tProgramas y actividades--
_gv. 7--
_tLiderato inspirador.
590 _aInventariado, 2018/BT
650 4 _aLiderazgo
_9115
650 4 _aLiderazgo comunitario
_921356
650 4 _aEstructura organizacional
_921357
650 4 _aTécnicas administrativas
_91779
910 _aValidado. Control de calidad. MFF
942 _2ddc
_cLBS1
999 _c8519
_d8519